000 00640cam a22002054a 4500
005 20250605164210.0
008 250528s ||||||||||||||||||||||||d
035 _a20234
020 _a9602252227
040 _aGR-AtMCL
_bgre
_dGR-AtMCL
_eAACR2
245 1 _aΈνα Φιλάκι για τον Μπαμπά
260 _bΕ.Ρώσση,
_c2006
300 _a28
520 _aΜία διασκεδαστική αλλά και τρυφερή ιστορία, γεμάτη από αγκαλιές και φιλάκια!
700 1 _aLegge David
_96257
700 1 _aWatts Frances
_96258
942 _cBK
999 _c5368
_d5368